000 00963nam a2200229Ia 4500
999 _c39779
_d39779
001 6384
003 GE_BSU
005 20191125160513.0
008 181216s2007||||ge |||||||||||||| ||geo||
020 _a9789994053629
040 _cGE_BSU
041 _ageo
080 _a821.353.1-31 დ-90
100 _aდუმბაძე, ნოდარ
_91321
245 _aთეთრი ბაირაღები :
_bრომანი /
_cნოდარ დუმბაძე; რედ. ნატალია ახვლედიანი; მხატვ. ეკა აბულაძე.
264 _aთბილისი :
_bპალიტრა L,
_c2007.
300 _a303 გვ.
_b17 სმ.
653 _aქართული რომანი
700 _aახვლედიანი, ნატალია
_eრედაქტორი
_95563
700 _aაბულაძე, ეკა
_eმხატვარი
_95564
942 _cBK
_2udc